AH International Schools' Libraries

The pet person: (Record no. 49332)

MARC details
000 -LEADER
fixed length control field 00353nam a2200109 4500
020 ## - INTERNATIONAL STANDARD BOOK NUMBER
International Standard Book Number 9781783442423
100 ## - MAIN ENTRY--PERSONAL NAME
Personal name Willis, Jeanne
9 (RLIN) 69509
245 ## - TITLE STATEMENT
Title The pet person:
Remainder of title having a pet person is more tricky than you'd think! /
Statement of responsibility, etc Jeanne Willis & Tony Ross
260 ## - PUBLICATION, DISTRIBUTION, ETC. (IMPRINT)
Place of publication, distribution, etc London
Name of publisher, distributor, etc Andersen Press
Date of publication, distribution, etc 2015
300 ## - PHYSICAL DESCRIPTION
Extent unpaged.
Other physical details col. ill.
Dimensions 28 cm.
942 ## - ADDED ENTRY ELEMENTS (KOHA)
Source of classification or shelving scheme
Koha item type Book
Holdings
Withdrawn status Lost status Source of classification or shelving scheme Damaged status Not for loan Home library Current library Shelving location Date acquired Total Checkouts Full call number Barcode Date last seen Date checked out Price effective from Koha item type
          Asian Hope Early Years Library Asian Hope Early Years Library Easy Reading 08/18/2025 4 E WIL 208924 04/07/2026 03/31/2026 08/18/2025 Book

For any Logos Library related questions please contact Miss Art at swongnarasuk@asianhope.org.

For any Asian Hope Library related questions please contact Miss Raza at graza@asianhope.org.

Click here to explore our ebooks!

Powered by Koha